| 000 | 01128cam a22002894a 4500 | ||
|---|---|---|---|
| 001 | 16127606 | ||
| 003 | OSt | ||
| 005 | 20231206155920.0 | ||
| 008 | 100310s2009 enkab b 001 0 eng | ||
| 010 | _a 2009512976 | ||
| 020 | _a9781903035320 | ||
| 040 |
_aDLC _cDLC |
||
| 050 | 0 | 0 |
_aQH138.B6 _bN38 2009 |
| 082 | 0 | 4 |
_a508.42338 _bBOU/N |
| 245 | 0 | 4 |
_aThe natural history of Bournemouth and the surrounding area / _cwritten by members of the Bournemouth Natural Science Society ; edited by Ray Chapman. |
| 260 |
_aSalisbury [England] : _bWessex Books, _c2009. |
||
| 300 |
_a238 p. : _bill. (some col.), maps (some col.) ; _c25 cm. |
||
| 500 | _aErrata slip inserted. | ||
| 504 | _aIncludes bibliographical references (p. [213]-216) and index. | ||
| 650 | 0 |
_aNatural history _zEngland _zBournemouth. |
|
| 650 | 0 |
_aWildlife conservation _zEngland _zBournemouth. |
|
| 700 | 1 | _aChapman, Ray. | |
| 710 | 2 | _aBournemouth Natural Science Society. | |
| 906 |
_a7 _bcbc _corignew _d2 _encip _f20 _gy-gencatlg |
||
| 942 |
_2ddc _cBK _h508.42338 _iBOU/N _k508.42338 _mBOU/N |
||
| 999 |
_c43756 _d43756 |
||